MARC

LEADER 00000nam0a2200000 4500
001 375369
005 20231102012729.0
020 |a RU  |b 85-64435 
035 |a (RuTPU)RU\TPU\retro\32808 
035 |a RU\TPU\book\278666 
090 |a 375369 
100 |a 20221220d1985 m y0rusy5003 ca 
101 0 |a rus 
102 |a RU 
105 |a a j 000zy 
200 1 |a Термодинамика и силовые установки летательных аппаратов  |e конспект лекций  |f И. З. Полещук  |g Уфимский авиационный институт им. Орджоникидзе 
210 |a Уфа  |c Изд-во УАИ  |d 1985 
215 |a 56 с.  |c ил. 
606 1 |a Силовые установки авиационные  |2 stltpush  |3 (RuTPU)RU\TPU\subj\54803  |9 72884 
610 1 |a летательные аппараты 
610 1 |a силовые установки 
610 1 |a техническая термодинамика 
610 1 |a газовая динамика 
610 1 |a воздушно-реактивные двигатели 
610 1 |a термодинамические процессы 
610 1 |a сопла 
610 1 |a сверхзвуковые течения 
610 1 |a реактивные двигатели 
610 1 |a учебные пособия 
675 |a 629.73.03(075.8)  |v 3 
700 1 |a Полещук  |b И. З.  |g Игорь Захарович 
712 0 2 |a Уфимский авиационный институт им. Орджоникидзе  |2 stltpush  |3 (RuTPU)RU\TPU\col\4501  |9 23991 
801 0 |a RU  |b RuMRKP  |c 19950704  |g psbo 
801 1 |a RU  |b 63413507  |c 20140404 
801 2 |a RU  |b 63413507  |c 20221220  |g RCR 
942 |c BK